000 00448nam a22001817a 4500
003 MPLRDC
005 20220104190053.0
008 210129b ||||| |||| 00| 0 eng d
020 _a978-986-44629-9-4
082 _a783.868 LGY
100 _a不详
245 _a铁窗首长
_c
250 _a初版
260 _a马来西亚
_bTHE ROCKET
_c2010
300 _b
650 _a马来西亚人物传记--林冠英
942 _cBK
_o783.868 LGY
999 _c63610
_d63600